00397nam a2200121Ia 4500008004100000082002000041100002100061245003500082260002900117300000800146630001800154650010300172211122s9999||||xx |||||||||||||| ||und|| a894.8123bZAC-L aZacharia, Scaria 0a1986-Le Thiranjetutha Kathakal bDC BooksaKottayamc1987 a187 xGeneral Stack aliteraturevliterature and rhetoricaltaic,uralic,hyperborean and dravidianmalayalam novelGeneralia